000 00650nam a2200193 a 4500
001 000040103
005 20201002033923.0
008 130807s1987 sp 000 0 spa d
020 _a8400068408
040 _aDO-SdBNP
_bspa
_cBNPHU
245 0 0 _aArcóbriga :
_b(Monreal de Ariza, Zaragoza).
260 _aZaragoza :
_bInstitución Fernando el Católico,
_c1987.
300 _a141 p. :
_bil.+láminas ;
_c31 cm.
504 _aBibliografía : p. 133-135
500 _aIncluye referencias bibliográficas y notas al pie de las páginas
500 _aIncluye índice
700 1 _aCerralbo, Marqués de
_966366
700 1 _aLloris, Miguel,
_eed.
_966367
999 _c39593
_d39593